| 000 | 01050cam a2200325ui 4500 | ||
|---|---|---|---|
| 001 | 200430046 | ||
| 003 | TR-AnTOB | ||
| 005 | 20250502172528.0 | ||
| 007 | ta | ||
| 008 | 180529s2022 tu tur d | ||
| 020 | _a9786258024746 | ||
| 040 |
_aTR-IsYBT _beng _erda _cTR-AnTOB |
||
| 041 | 0 | _atur | |
| 050 | 0 | _aKKX3550 | |
| 090 |
_aKKX3550 _b.Ş46t 2022 |
||
| 100 | 1 |
_aŞenyüz, Doğan, _d1956- _eauthor _9120635 |
|
| 245 | 1 | 0 |
_aTürk vergi sistemi / _cProf. Dr. Doğan Şenyüz, Prof. Dr. Mehmet Yüce, Prof. Dr. Adnan Gerçek. |
| 250 | _a19. baskı | ||
| 264 | 1 |
_aBursa: _bEkin Yayınevi, _c2022. |
|
| 300 |
_axxii, 448 pages ; _c24 cm |
||
| 336 |
_atext _2rdacontent _btxt |
||
| 337 |
_aunmediated _2rdamedia _bn |
||
| 338 |
_avolume _2rdacarrier _bnc |
||
| 500 | _a7194 sayılı kanun değişiklikleri dikkate alınmıştır. | ||
| 650 | 7 |
_aVergilendirme _xHukuk ve mevzuat _zTürkiye _937 |
|
| 700 | 1 |
_aYüce, Mehmet _eauthor _9120655 |
|
| 700 | 1 |
_aGerçek, Adnan _eauthor _9120654 |
|
| 942 |
_2lcc _cBK |
||
| 999 |
_c200450664 _d68876 |
||